Who said that ? (Stray kids edition) - Statistics

General Stats
  • This quiz has been taken 288 times
  • The average score is 18 of 21
Answer Stats
Question Answer % Correct
"[member's name] in the building !" Seungmin
100%
"Wakey wakey" Felix
99%
"Bangchan is so old !" Seungmin
99%
"I am fox" I.N
98%
"I'm foive" Bangchan
96%
"Oh my god ! Secret secret is so amazing !" Han
95%
"I'm hungry ! I'M HUNGRY !" Changbin
93%
"ICE CREEEAAM" Lee Know
92%
"I, I loose my job" Changbin
91%
"Americano~ Joha joha...joha" Hyunjin
91%
"Pssst...hair band !" Hyunjin
89%
"Hey Seungmin, will you tOuCh me? I feel so soft and fluffy" Felix
85%
"Hey sEuNgMiN yOu're lYing" Hyunjin
84%
"Pick up...EIGHT !" Felix
83%
"Your behavior is so UGHH-" Hyunjin
83%
"HEY, WHAT ARE YOU DOING ?! HANNAAAHH" Bangchan
80%
"HOOOOLY MOOOOLY" Han
78%
"SuRpriSe" Lee Know
77%
"You know ? I know ? Lee Know !" Lee Know
74%
"What is this ? What is this ? TinY hAnD" I.N
67%
"HEY ! HEY ! BROWNIE BOY !" Lee Know
39%
No matching quizzes found
Score Distribution
Percent of People with Each Score
Percentile by Number Answered
Your Score History
You have not taken this quiz